00441nam a2200157Ia 45000010006000000050017000060080041000230410008000640820016000721000036000882450106001242600009002303000028002396500008002676540008002751296120260306163019.0260306t2007||||xx |||||||||||||| ||spa|| aESP aRD 473bS36 aSegura Munguía, SantiagoeAUT 0aFrases y expresiones latinas de uso actual:bcon un anexo sobre las instituciones jurídicas romanas c2007 a203 páginas :c22 cm. aGEN aCHU